| 000 | 00702nam a2200181Ia 4500 | ||
|---|---|---|---|
| 008 | 151202s9999||||xx |||||||||||||| ||und|| | ||
| 082 | _bPNVM-70441 | ||
| 100 | _aऔरंगाबादकर अनुराधा. | ||
| 245 | _aकल्पवृक्ष कन्येसाठी. | ||
| 260 | _b"सुयोग प्रकाशन, पुणे." | ||
| 260 | _c70441 | ||
| 300 | _a183 | ||
| 600 | _aऔरंगाबादकर अनुराधा. | ||
| 630 | _aकल्पवृक्ष कन्येसाठी. | ||
| 700 | _aऔरंगाबादकर अनुराधा. | ||
| 730 | _aकल्पवृक्ष कन्येसाठी. | ||
| 942 | _cBOOK | ||
| 999 |
_c1336950 _d1336947 |
||